| 000 | 00365nam a2200145 a 4500 | ||
|---|---|---|---|
| 001 | 497 | ||
| 003 | CDMR | ||
| 005 | 20130703132340.0 | ||
| 008 | 130130s1979||||||||||||||||||||||||||||d | ||
| 040 |
_aCDMR _bcat _cCPC GIRONA |
||
| 100 | 1 |
_aSalvador Cata, René _9355 |
|
| 245 | 1 | 0 |
_aComo hablar en público _cSalvador Cata, René |
| 260 |
_c1979 _bMensajero |
||
| 942 |
_cMON _2udc |
||
| 999 |
_c497 _d497 |
||